LIBRARY & INFORMATION CENTRE, KCAET, TAVANUR

ONLINE PUBLIC ACCESS CATALOGUE (OPAC)

Ode on the spring and elegy in a country churchyard / (Record no. 965)

MARC details
000 -LEADER
fixed length control field 00394cam a2200145ua 4500
041 ## - LANGUAGE CODE
Language code of text/sound track or separate title eng
082 ## - DEWEY DECIMAL CLASSIFICATION NUMBER
Classification number 821
Item number GRA/OD
100 ## - MAIN ENTRY--AUTHOR NAME
Personal name Gray, Thomas .
245 ## - TITLE STATEMENT
Title Ode on the spring and elegy in a country churchyard /
260 ## - PUBLICATION, DISTRIBUTION, ETC. (IMPRINT)
Place of publication London :
Name of publisher Cambridge at the University Press ,
Year of publication 1921.
300 ## - PHYSICAL DESCRIPTION
Number of Pages 67 ; .
942 ## - ADDED ENTRY ELEMENTS (KOHA)
Koha item type Books
Holdings
Withdrawn status Lost status Damaged status Home library Current library Date acquired Full call number Accession Number Koha item type
Withdrawn     KAUAET Sanskrit University 07/04/2012 821 11656 Books
free website counter